|
|
|
|
| LEADER |
00000nam0a2200000 4500 |
| 001 |
274503 |
| 005 |
20231101234732.0 |
| 020 |
|
|
|a RU
|b 85-103543
|
| 035 |
|
|
|a (RuTPU)RU\TPU\book\297713
|
| 090 |
|
|
|a 274503
|
| 100 |
|
|
|a 20141106d1985 km y0rusy5003 ca
|
| 101 |
0 |
|
|a rus
|
| 102 |
|
|
|a RU
|
| 105 |
|
|
|a a z 000zy
|
| 200 |
1 |
|
|a Мобильные здания в строительстве
|f П. П. Олейник, И. В. Степанов
|
| 205 |
|
|
|a 2-е изд., перераб. и доп.
|
| 210 |
|
|
|a Москва
|c Стройиздат
|d 1985
|
| 215 |
|
|
|a 136 с.
|c ил.
|
| 305 |
|
|
|a Загл. 1-го изд.: Применение инвентарных зданий в строительстве
|
| 606 |
1 |
|
|a Строительные площадки
|x Подсобные и временные сооружения
|2 stltpush
|3 (RuTPU)RU\TPU\subj\57723
|9 75581
|
| 610 |
1 |
|
|a мобильные здания
|
| 610 |
1 |
|
|a контейнеры
|
| 610 |
1 |
|
|a сборное строительство
|
| 610 |
1 |
|
|a расчеты
|
| 610 |
1 |
|
|a распределение
|
| 610 |
1 |
|
|a параметры
|
| 610 |
1 |
|
|a потребности
|
| 675 |
|
|
|a 69.033
|z rus
|v 3
|
| 700 |
|
1 |
|a Олейник
|b П. П.
|g Павел Павлович
|4 070
|
| 701 |
|
1 |
|a Степанов
|b И. В.
|g Игорь Вячеславович
|4 070
|
| 801 |
|
0 |
|a RU
|b RuMRKP
|c 19950704
|g psbo
|
| 801 |
|
1 |
|a RU
|b 63413507
|c 20141106
|
| 801 |
|
2 |
|a RU
|b 63413507
|c 20170324
|g RCR
|
| 942 |
|
|
|c BK
|